St. Augustine
Guardat en:
| Autor principal: | |
|---|---|
| Format: | Llibre |
| Idioma: | anglès |
| Publicat: |
Bloomsbury Academic
2010
|
| Etiquetes: |
Afegir etiqueta
Sense etiquetes, Sigues el primer a etiquetar aquest registre!
|
MARC
| LEADER | 00000nam a22000007a 4500 | ||
|---|---|---|---|
| 008 | 211217b ||||| |||| 00| 0 eng d | ||
| 020 | |a 9781472504883 | ||
| 100 | |a TOPPING, Ryan N. S. | ||
| 245 | |a St. Augustine |c Ryan N. S. Topping |e (Bloomsbury library of educational thought) |g xvi, 192p. | ||
| 260 | |b Bloomsbury Academic |c 2010 |h London |i 699315 |i 699316 |i 699363 |l BR65.A9T62 |m Augustine, Saint, Bishop of Hippo |m Education - Philosophy - History | ||
| 500 | |a It includes bibliography and index | ||
| 942 | |a lcc |c BK |e Kuteyi,M. A. |f 17/12/2021 | ||
| 952 | |0 0 |1 0 |2 lcc |4 0 |6 BR0065 A9 T62 |7 0 |9 3997 |a HOL |b HOL |c AF |d 2021-12-17 |l 0 |o BR65.A9T62 |p 2021-67721 |r 2021-12-17 00:00:00 |w 2021-12-17 |y BK | ||
| 952 | |0 0 |1 0 |2 lcc |4 0 |6 BR0065 A9 T62 |7 0 |9 3998 |a HOL |b ED |c AF |d 2021-12-17 |l 0 |o BR65.A9T62 |p 2021-67722 |r 2021-12-17 00:00:00 |w 2021-12-17 |y BK | ||
| 952 | |0 0 |1 0 |2 lcc |4 0 |6 BR0065 A9 T62 |7 0 |9 3999 |a HOL |b ED |c AF |d 2021-12-17 |l 0 |o BR65.A9T62 |p 2021-67723 |r 2021-12-17 00:00:00 |w 2021-12-17 |y BK | ||
| 999 | |c 2006 |d 2006 | ||